1243 1513 1424 1149 1352 1724 1768 1612 1986 1107 1175 1356 1537 1061 1533 1274 1640 1425 1081 1954 1283 1730 1421 1825 1786 1521 1301 1837 1214 1570 1249 1522 1632 1952 1521 1147 1583 1855 1218 1411 1612 1967 1810 1750 1702 1771 1164 1840 1239 1510 1697 1564 1535 1284 1098 1758 1627 1623 1528 1460 1693 1180 1523 1654 1812 1523 1822 1789 1506 1109 1768 1314 1592 1833 1309 1349 1524 1859 1549 1810 1676 1870 1421 1853 1731 1531 1829 1895 1782 1540 1019 1092 1418 1589 1463 1328 1732 1636 1856 BCNSPRNW ULIB Ver.6.0+V

เปลี่ยนเป็นภาษาไทย

Change to English
 แสดงรายละเอียดบรรณานุกรม
  กลับหน้าหลัก

Brief Record : Get Marc (ISO 2709) : E-mail record : QR code < ปิดหน้าต่าง
LEADER : 00000nam 2200000uu 4500
001    13399114878
003     ULIB
008    120612s2546||||th 000 0 tha d
060 04 ^aWA546^bก111ธ 2546
245 00 ^aธรรมาภิบาลกับการจัดการด้านสุขภาพ /^cกลุ่มสนับสนุนและพัฒนาการกระจายอำนาจด้านสุขภาพ สำนักนโยบายและยุทธศาสตร์ กระทรวงสาธารณสุข ; กองบรรณาธิการ,ปรีดา แต้อารักษ์ ... [และคนอื่นๆ]
250    ^aพิมพ์ครั้งที่ 1
260    ^aนนทบุรี :^bสำนักงานสนับสนุนและพัฒนาการกระจายอำนาจด้านสุขภาพ (สพกส.),^c2546
300    ^a46 หน้า :^bภาพประกอบ ;^c21 ซม.
440  0 ^aเอกสารชุดเสริมสร้างความเข้าใจเกี่ยวกับการกระจายอำนาจด้านสุขภาพ ;^vเล่มที่ 1
650  7 ^aธรรมรัฐ
650  7 ^aสุขภาพ
700 0  ^aปรีดา แต้อารักษ์,^eบรรณาธิการ
710 2  ^aกระทรวงสาธารณสุข. ^bสำนักนโยบายและยุทธศาสตร์
710 2  ^aสำนักงานสนับสนุนและพัฒนาการกระจายอำนาจด้านสุขภาพ
945    ^p0^l0^i13037
995    ^aกัณชพร
999    ^aใช้งานได้ทุกระบบ
รายการนี้ยังไม่มีแท็ก
คุณยังไม่ได้ล็อกอิน คุณสามารถมีกิจกรรมร่วมกับเว็บไซต์ได้ แต่ต้องล็อกอินก่อน ::
  ล็อกอิน

รายการสื่อสารสนเทศ

ลำดับที่ ประเภท เลขเรียก/บาร์โค้ด สถานที่ สถานะ
- ไม่พบข้อมูล -

รายการใกล้เคียง
    หัวเรื่อง [สุขภาพ]

BibComment


ยังไม่เคยถูกคอมเมนท์

คอมเมนท์ทรัพยากรรายการนี้
  คอมเมนท์: ธรรมาภิบาลกับการ..


 Copyright 2026. Bcnsprnw @Library